Loading...
| Literature - American | 0 | 6 | 0 | 1 | 60 | 50 | 79.33 | 3 | 6 | 0.00 | 0.00 |
| History - Other | 0 | 6 | 0 | 0 | 60 | 42 | 56.33 | 3 | 6 | 0.00 | 0.00 |
| History - American | 0 | 5 | 0 | 0 | 50 | 24 | 53.00 | 5 | 5 | 0.00 | 0.00 |
| History - World | 0 | 5 | 1 | 0 | 45 | 27 | 33.40 | 5 | 5 | 0.00 | 0.00 |
| History - European | 0 | 5 | 1 | 2 | 45 | 58 | 93.80 | 2 | 5 | 0.00 | 0.00 |
| Literature - World/Other | 0 | 4 | 0 | 1 | 40 | 68 | 101.75 | 1 | 4 | 0.00 | 0.00 |
| Philosophy | 0 | 4 | 0 | 0 | 40 | 33 | 64.00 | 1 | 4 | 0.00 | 0.00 |
| Fine Arts - Visual | 0 | 3 | 0 | 1 | 30 | 54 | 88.00 | 1 | 3 | 0.00 | 0.00 |
| Literature - European | 0 | 2 | 0 | 0 | 20 | 62 | 69.50 | 1 | 2 | 0.00 | 0.00 |
| Literature - British | 0 | 2 | 1 | 1 | 15 | 95 | 110.50 | 1 | 2 | 0.00 | 0.00 |
| Social Science | 0 | 1 | 0 | 0 | 10 | 111 | 111.00 | 0 | 1 | 0.00 | 0.00 |
| Mythology | 0 | 1 | 0 | 0 | 10 | 63 | 63.00 | 0 | 1 | 0.00 | 0.00 |
| Religion | 0 | 1 | 0 | 0 | 10 | 46 | 46.00 | 1 | 1 | 0.00 | 0.00 |
| Fine Arts - Other | 0 | 1 | 0 | 0 | 10 | 76 | 76.00 | 1 | 1 | 0.00 | 0.00 |